| 000 | 00884nam a22001937a 4500 | ||
|---|---|---|---|
| 003 | OSt | ||
| 005 | 20260416075920.0 | ||
| 008 | 260416b |||||||| |||| 00| 0 eng d | ||
| 040 |
_aDWCL GS lib _cOC |
||
| 082 | _aFic. C2871 2008 | ||
| 100 | _aCarman, Patrick | ||
| 245 |
_athe land of elyon book 4: _bstargazer _cPatrick Carman |
||
| 260 |
_aNew York _bScholastic Press _cc2008 |
||
| 300 |
_a276 _c18cm |
||
| 520 | _aStargazer (Book 4 of the Land of Elyon series) follows Alexa Daley and her friend Yipes, who are stranded at the mysterious Five Stone Pillars after a sea monster destroys their ship while sailing with Roland Warvold. Alexa must navigate dangerous, magical pillars to combat an evil force, culminating in a climactic battle. | ||
| 546 | _aEnglish | ||
| 700 | _aPatrick Carman | ||
| 942 |
_2ddc _cFIC. _hFic. C2871 2008 _n0 |
||
| 999 |
_c9507 _d9507 |
||